Drones & droneology on unmanned aerial vehicle systems (Record no. 115970)
[ view plain ]
| 000 -LEADER | |
|---|---|
| fixed length control field | 00988cab a22002295a 4500 |
| 001 - CONTROL NUMBER | |
| control field | L159513 |
| 008 - FIXED-LENGTH DATA ELEMENTS--GENERAL INFORMATION | |
| fixed length control field | 150825e20160815xxk 000 0 eng d |
| 020 ## - INTERNATIONAL STANDARD BOOK NUMBER | |
| International Standard Book Number | 9780995529601 |
| 035 ## - SYSTEM CONTROL NUMBER | |
| System control number | (Sirsi) u159513 |
| 041 0# - LANGUAGE CODE | |
| Language code of text/sound track or separate title | eng |
| 050 04 - LIBRARY OF CONGRESS CALL NUMBER | |
| Classification number | 526.982 $2 18 |
| 100 1# - MAIN ENTRY--PERSONAL NAME | |
| Personal name | Parsons, Geoff |
| 245 00 - TITLE STATEMENT | |
| Title | Drones & droneology on unmanned aerial vehicle systems |
| 260 ## - PUBLICATION, DISTRIBUTION, ETC. | |
| Name of publisher, distributor, etc. | Jaefoo Books Publishing |
| Date of publication, distribution, etc. | 2016 |
| 505 2# - FORMATTED CONTENTS NOTE | |
| Formatted contents note | Flying drones within the law, etc. -- Definitions, descriptions and explanations -- Abbreviations and acronyms -- Categories of terms -- Bibliography and references -- Directory of organisations -- List of tables -- Index of countries -- Short timeline of droneology. |
| 520 ## - SUMMARY, ETC. | |
| Summary, etc. | Provides understanding of drone flying terminology, insights into drone related polices and practicies and identifies applications to industrial sectors and services. |
| 590 ## - LOCAL NOTE (RLIN) | |
| Local note | KA |
| 650 24 - SUBJECT ADDED ENTRY--TOPICAL TERM | |
| Topical term or geographic name entry element | DRONE |
| 651 #4 - SUBJECT ADDED ENTRY--GEOGRAPHIC NAME | |
| Geographic name | United Kingdom |
| 651 #4 - SUBJECT ADDED ENTRY--GEOGRAPHIC NAME | |
| Geographic name | UNITED STATES OF AMERICA |
| 942 ## - ADDED ENTRY ELEMENTS (KOHA) | |
| Suppress in OPAC | 0 |
| Withdrawn status | Lost status | Source of classification or shelving scheme | Damaged status | Not for loan | Home library | Current library | Shelving location | Date acquired | Total Checkouts | Full call number | Barcode | Date last seen | Copy number | Price effective from | Koha item type |
|---|---|---|---|---|---|---|---|---|---|---|---|---|---|---|---|
| Dewey Decimal Classification | London | London | Books | 08/08/2017 | 526.982 PAR | 30078518 | 06/08/2019 | 1 | 06/08/2019 | Book |